| Tag |
First Indicator |
Second Indicator |
Subfields |
| LEADER |
00000cam a2200000 a 4500 |
| 001 |
in00003454802 |
| 005 |
20151206092311.0 |
| 008 |
130419s2014 nyu b 001 0 eng |
| 010 |
|
|
|a 2013010511
|
| 020 |
|
|
|a 9780199731664
|
| 020 |
|
|
|a 0199731667
|
| 035 |
|
|
|a (OCoLC)ocn841187530
|
| 040 |
|
|
|a DLC
|c DLC
|d UtOrBLW
|
| 043 |
|
|
|a a-ja---
|
| 049 |
|
|
|a TXAM
|
| 050 |
0 |
0 |
|a PN1993.5.J3
|b O97 2014
|
| 082 |
0 |
0 |
|a 791.430952
|2 23
|
| 245 |
0 |
4 |
|a The Oxford handbook of Japanese cinema /
|c edited by Daisuke Miyao.
|
| 264 |
|
1 |
|a New York :
|b Oxford University Press,
|c 2014.
|
| 300 |
|
|
|a xii, 483 pages :
|b illustrations ;
|c 26 cm.
|
| 336 |
|
|
|a text
|b txt
|2 rdacontent
|
| 337 |
|
|
|a unmediated
|b n
|2 rdamedia
|
| 338 |
|
|
|a volume
|b nc
|2 rdacarrier
|
| 504 |
|
|
|a Includes bibliographical references and index.
|
| 505 |
0 |
|
|a Introduction -- What is Japanese cinema studies?: Japanese cinema and cinema studies. Japanese film without Japan: toward an undisciplined film studies / Eric Cazdyn -- Triangulating Japanese film style / Ben Singer -- Critical reception: historical conceptions of Japanese film criticism / Aaron Gerow -- Creating the audience: cinema as popular recreation and social education in modern Japan / Hideaki Fujiki -- What is Japanese cinema?: Japanese cinema and the transnational network. Adaptation as "transcultural mimesis" / Michael Raine -- The edge of montage: a case of modernism/modanizumu in Japanese cinema / Chika Kinoshita -- Nationalizing Madame Butterfly: the formation of female stars in Japanese cinema / Daisuke Miyao -- Performing colonial identity: Byeonsa, colonial film spectatorship, and the formation of national cinema in Korea under Japanese colonial rule / Dong Hoon Kim -- Outpost of hybridity: Paramount's campaign in Japan, 1952-1962 / Hiroshi Kitamura -- Erasing China in Japan's "Hong Kong films" / Kwai Cheung Lo -- The emergence of the Asian Film Festival: Cold War Asia and Japan's re-entrance to the regional film industry in the 1950s / Sang Joon Lee -- Yamagata "Asia" Europe: International Film Festival short-circuit / Abé Mark Nornes -- What Japanese cinema is!: Japanese cinema and the intermedial practices. Nitrate film production in Japan: a historical background of the early days / Okada Hidenori ; translated by Ayako Saito -- Sketches of silent Film sound in Japan: theatrical functions of ballyhoo, orchestras and Kabuki ensembles / Hosokawa Shuhei -- The Jidaigeki film genre: Twilight Samurai and its contexts / Yamamoto Ichiro ; translated by Diane Wei Lewis -- Occupation and memory: the representation of woman's body in postwar Japanese cinema / Ayako Saito -- Cinema and memory: confabulated memories, Nishijin (1961) / Mitsuyo Wada-Marciano -- By other hands: environment and apparatus in 1960s intermedia / Myriam Sas -- Viral contagion in the Ringu intertext / Carlos Rojas -- Manga/anime/games (the media mix) and the metaphoric economy of world / Alexander Zahlten.
|
| 650 |
|
0 |
|a Motion pictures
|z Japan.
|
| 650 |
|
0 |
|a Motion picture industry
|z Japan.
|
| 651 |
|
0 |
|a Japan
|x In motion pictures.
|
| 700 |
1 |
|
|a Miyao, Daisuke,
|e editor.
|
| 945 |
|
|
|a PromptCat
|b 661539
|
| 946 |
|
|
|a stk
|
| 947 |
|
|
|a A14840704340
|
| 948 |
|
|
|a cataloged
|b h
|c 2014/3/11
|d c
|e dmitchel
|f 9:10:20 am
|
| 994 |
|
|
|a 92
|b TXA
|
| 999 |
|
|
|a MARS
|
| 999 |
f |
f |
|s 2900a2d4-27db-34ed-bc79-e58ea4226d2d
|i e791d0c0-ad44-34f2-9f4d-992113ec5c6f
|t 0
|
| 952 |
f |
f |
|p normal
|a Texas A&M University
|b College Station
|c Sterling C. Evans Library
|d Evans: Library Stacks
|t 0
|e PN1993.5.J3 O97 2014
|h Library of Congress classification
|i unmediated -- volume
|m A14840704340
|
| 998 |
f |
f |
|a PN1993.5.J3 O97 2014
|t 0
|l Evans: Library Stacks
|